000 01605 a2200325 4500
999 _c11041
_d11041
020 _a044463312X
020 _a9780444633125
050 0 0 _aTD442.5
_bEME 2016
100 _ahankins, Nicholas
_eeditor
245 0 0 _aEmerging membrane technology for sustainable water treatment /
_cNicholas P. Hankins (editor)
264 1 _aAmsterdam :
_bElsevier,
_c[2016]
300 _axvii, 472 pages :
_billustrations (some color) ;
336 _atext
_btxt
_2rdacontent
337 _aunmediated
_bn
_2rdamedia
338 _avolume
_bnc
_2rdacarrier
504 _aIncludes bibliographical references and index.
520 _aEmerging Membrane Technology for Sustainable Water Treatment provides the latest information on the impending crisis posed by water stress and poor sanitation, a timely issue that is one of the greatest human challenges of the 21st century. The book also discusses the use of membrane technology, a serious contender that can be used to confront the crisis on a global scale, along with its specific uses as a solution to this escalating problem.
650 0 _aWater
_xPurification
_xMembrane filtration.
650 0 _aSaline water conversion.
650 0 _aWater-supply engineering.
650 0 _aGreen technology.
650 7 _aGreen technology.
650 7 _aSaline water conversion.
650 7 _aWater
_xPurification
_xMembrane filtration.
650 7 _aWater-supply engineering.
700 1 _aHankins, Nicholas P.,
_eeditor.
700 1 _aSingh, Rajindar,
_d1947-
_eeditor.
942 _2lcc
_cBK
_h442
_iEME
_kTD